000
00330nam a2200133Ia 4500
008
150201s2014 xx 000 0 und d
082
_a
617.601
_b
G2010P
100
_a
PAL ,S.P
245
_a
GENETICS IN DENTISTRY
250
_a
1ST
260
_b
JAYPEE BROTHERS MEDICAL PUBLISHERS
650
_a
GENERAL DENTISTRY
942
_2
ddc
_c
BK
999
_c
4821
_d
4821